Top 75 NBA Players Of All Time - Statistics

General Stats
  • This quiz has been taken 83 times
  • The average score is 23 of 75
Answer Stats
number Answer % Correct
1 Michael Jordan
99%
2 Lebron James
96%
9 Kobe Bryant
91%
3 Kareem Abdul-Jabbar
81%
8 Shaquille O’Neal
79%
6 Magic Johnson
77%
5 Larry Bird
76%
4 Wilt Chamberlain
73%
12 Kevin Durant
69%
10 Tim Duncan
59%
34 Jerry West
57%
19 Karl Malone
54%
23 Moses Malone
53%
27 Scottie pippen
53%
24 John Stockton
49%
11 Dirk Nowitzki
46%
22 Patrick Ewing
46%
16 Allen Iverson
44%
30 David Robinson
43%
25 James Harden
43%
40 Chris Paul
40%
17 Isiah Thomas
40%
60 Kyrie Irving
40%
21 Julius Erving
39%
39 Steve Nash
39%
14 Oscar Robertson
34%
33 Charles Barkley
33%
53 Dennis Rodman
33%
18 Kevin Garnett
31%
42 Giannis Antetokounmpo
30%
48 Nikola Jokic
30%
26 Clyde Drexler
29%
73 Paul Pierce
29%
63 Tony Parker
29%
68 Anthony Davis
27%
13 Bill Russel
27%
47 Reggie Miller
26%
54 James Worthy
24%
29 Elgin Baylor
23%
44 John Havlicek
23%
58 Bob Cousy
21%
61 Carmelo Anthony
21%
46 Ray Allen
21%
50 Vince Carter
21%
62 Damian Lillard
20%
28 Kawhi Leonard
19%
15 Steph curry
19%
51 David Thompson
17%
75 Klay Thompson
17%
36 Elvin Hayes
16%
43 Kevin Mchale
16%
38 Dominique Wilkins
14%
57 George Gervin
14%
66 Lenny Wilkens
14%
49 Rick Barry
14%
41 Walt Frazier
14%
45 George Mikan
13%
55 Wes Unseld
13%
52 Alex English
11%
32 Bob Pettit
11%
74 Dave Cowens
9%
69 Dave Debusschere
9%
71 Dolph Schayes
7%
31 Bernard King
6%
35 Dikembe Mutombo
6%
65 Artis Gilmore
4%
20 Dwayne Wade
4%
7 Hakeem Olajuwan
4%
67 Hal Greer
4%
72 Billy Cunningham
3%
64 Maurice Cheeks
3%
56 Fat Lever
1%
59 Manu Ginobli
1%
70 Dave Bling
0%
37 Russel Westbrook
0%
No matching quizzes found
Score Distribution
Percent of People with Each Score
Percentile by Number Answered
Your Score History
You have not taken this quiz